000 00533nmm a2200193Ia 4500
008 251105s9999||||xx |||||||||||||||||und||
020 _a9788493722845
041 _aspa
100 _aDoctorow, E.L.
245 0 _aLa feria del mundo
264 _a[Madrid, España] :
_bRoca Editorial,
_c2010
300 _a352 páginas
490 _aNarrativa
650 _aNorth American narrative
700 _aDoctorow, E.L.
700 1 _a Gómez, César Armando
856 _uhttps://public.digitaliapublishing.com/a/31507
942 _cCF
999 _c64840
_d64840